Funny Correlations Quiz Stats

Quiz not verified by Sporcle

Challenge
Share
Tweet
Embed
Score 0/20 Timer 04:00
0 Plays Today
Variable 1 Positively/Negatively Correlated? % Correct
The amount of time you spend in the bathroom is...???
81.8%
The amount of lotion you own is...???
74.2%
Indian food consumption is...???
73.1%
The number of milkshakes in the yard is...???
72.3%
The amount of tiger blood that courses through your veins is...???
72%
Your trench coat budget is...???
70.1%
SAT score is...???
70.1%
Time spent playing Tony Hawk is...???
69.3%
Age is...???
67.8%
Alcohol consumption is...???
66.7%
Variable 1 Positively/Negatively Correlated? % Correct
The distance you live away from Ohio is...???
65.5%
The number of pages in the chapter of a textbook is...???
65.2%
Weight is...???
64%
The number of times you have lied is...???
62.1%
Finger thickness is...???
61.4%
Money is...???
61%
How often you say the word football is...???
60.6%
The Cleveland Cavaliers success is...???
59.1%
Peeing accuracy is...???
54.5%
Room temperature is...???
53%

You're not logged in!

Compare scores with friends on all Sporcle quizzes.
Join for Free
OR
Log In

You Might Also Like...

Show Comments

Extras

Top Quizzes Today


Score Distribution

Your Account Isn't Verified!

In order to create a playlist on Sporcle, you need to verify the email address you used during registration. Go to your Sporcle Settings to finish the process.

Report this User

Report this user for behavior that violates our Community Guidelines.

Details: